Η διατροφή στον 21ο αιώνα : γεωγραφίες της αφθονίας και της στέρησης

Αποθηκεύτηκε σε:
Λεπτομέρειες βιβλιογραφικής εγγραφής
Άλλοι συγγραφείς: Χουλιάρας, Αστέρης, 1961- (Επιμελητής έκδοσης), Ματάλα, Αντωνία-Λήδα (edtf)
Μορφή: Βιβλίο
Γλώσσα:Greek
Δημοσίευση: Αθήνα : Παπαζήσης, 2005.
Θέματα:
Ετικέτες: Προσθήκη ετικέτας
Δεν υπάρχουν, Καταχωρήστε ετικέτα πρώτοι!

MARC

LEADER 00000cam a2200000 i 4500
001 1/1491
008 090914s2005 gr | ||| |||| ||gre||
020 |a 9600218668  
035 |l 10105616 
040 |a GR-MyUa  |b gre  |e AACR2 
041 0 |a gre 
082 7 |a 363.8   |2 (22) 
245 0 2 |a Η διατροφή στον 21ο αιώνα :   |b γεωγραφίες της αφθονίας και της στέρησης /   |c επιμέλεια: Αντωνία-Λήδα Ματάλα, Αστέρης Χουλιάρας. 
260 |a Αθήνα :   |b Παπαζήσης,   |c 2005.  
300 |a 279 σ. :   |b διαγρ., εικ., χάρτες ;   |c 21 εκ. 
504 |a Περιέχει βιβλιογραφικές παραπομπές και ευρετήριο. 
650 0 0 |a Food supply  |z Europe. 
650 0 0 |a Food industry and trade  |x Environmental aspects. 
700 1 |a Χουλιάρας, Αστέρης,   |d 1961-  |e edt 
700 1 |a Ματάλα, Αντωνία-Λήδα,  |e edtf 
852 |a INST  |b LEMNOS  |e 20090914  |h 363.8 ΔΙΑ  |p 005600000181  |q 005600000181  |t BK  |y 0 
852 |a INST  |b LEMNOS  |c EUDOXUS  |e 20110328  |h 363.8 ΔΙΑ  |p 005600000586  |q 005600000586  |t EDX  |y 0 
852 |a INST  |b LEMNOS  |c EUDOXUS  |e 20110328  |h 363.8 ΔΙΑ  |p 005600000587  |q 005600000587  |t EDX  |y 0 
852 |a INST  |b LEMNOS  |c EUDOXUS  |e 20110328  |h 363.8 ΔΙΑ  |p 005600000588  |q 005600000588  |t EDX  |y 0 
852 |a INST  |b LEMNOS  |c EUDOXUS  |e 20110328  |h 363.8 ΔΙΑ  |p 005600000589  |q 005600000589  |t EDX  |y 0 
852 |a INST  |b LEMNOS  |c EUDOXUS  |e 20110328  |h 363.8 ΔΙΑ  |p 005600000590  |q 005600000590  |t EDX  |y 0 
852 |a INST  |b LESVOS  |e 20150213  |h 363.8 ΔΙΑ  |p 005100056058  |q 005100056058  |t BK  |y 0 
852 |a INST  |b RHODES  |c EUDOXUS  |e 20180522  |h 363.8 ΔΙΑ  |p 005400040068  |q 005400040068  |t EDX  |y 0 
901 |a BIBL6-2009-3 
901 |a BIBL6-2011-1 
901 |a BIBL1-2015-1 
920 |a Εύδοξος  |b Παραγγελία  |y Ρόδος-ΤΜΣ  |z 2018-04 
920 |a ΕΥΔΟΞΟΣ  |b ΕΠΙΣΤΡΟΦΗ  |y Λήμνος  |z 2011-03 
922 |a 6ΕΛΗ  |b 200802  |c ΕΠΕΑΕΚ2/ΚΥΒ  |d ΠΑΤΑΚΗΣ 
970 |a ΠΑΝΤΑΖΗ  |b ΑΝΤΩΝΙΑ  |z 2009/09/14